[Event "Reykjavik Open 2018"]
[Site "Reykjavik ISL"]
[Date "2018.03.07"]
[Round "2.6"]
[White "Bick, Gabriel"]
[Black "Gledura, Benjamin"]
[Result "1/2-1/2"]
[BlackTitle "GM"]
[WhiteElo "2416"]
[BlackElo "2632"]
[WhiteFideId "2084058"]
[BlackFideId "712779"]
[EventDate "2018.03.06"]

1. e4 e5 2. Nf3 Nc6 3. Bc4 Bc5 4. O-O Nf6 5. d3 d6 6. c3 a5 7. Nbd2 O-O 8. h3
Bd7 9. a4 Ne7 10. Re1 c6 11. d4 exd4 12. cxd4 Bb4 13. Bb3 d5 14. e5 Ne8 15. Re2
Nc7 16. Nf1 Ne6 17. Ng3 Ng6 18. Nh5 Nh4 19. Nf6+ gxf6 20. Nxh4 fxe5 21. Nf5 e4
22. Rxe4 dxe4 23. Bxe6 Kh8 24. Qg4 Rg8 25. Qxe4 Bxe6 26. Qe5+ f6 27. Qxe6 Rg6
28. Nh4 Rg8 29. Nf5 Rg6 30. Nh4 Rg8 1/2-1/2

[Event "Reykjavik Open 2018"]
[Site "Reykjavik ISL"]
[Date "2018.03.07"]
[Round "2.7"]
[White "Cornette, Matthieu"]
[Black "Antal, Tibor Kende"]
[Result "1-0"]
[WhiteTitle "GM"]
[BlackTitle "FM"]
[WhiteElo "2620"]
[BlackElo "2419"]
[WhiteFideId "620084"]
[BlackFideId "738581"]
[EventDate "2018.03.06"]

1. e4 c5 2. Nf3 d6 3. d4 cxd4 4. Nxd4 Nf6 5. Nc3 a6 6. Be2 e5 7. Nf3 Qc7 8. a4
b6 9. Bg5 Nbd7 10. Nd2 Bb7 11. O-O h6 12. Bh4 Be7 13. Bc4 O-O 14. Qe2 Rfc8 15.
Rfd1 Nc5 16. Bxf6 Bxf6 17. Nd5 Bxd5 18. Bxd5 Rab8 19. Nc4 Rd8 20. c3 g6 21. Qg4
Kg7 22. b4 h5 23. Qf3 Ne6 24. a5 b5 25. Nb6 Bg5 26. g3 h4 27. Rd3 Rh8 28. Qg4
hxg3 29. fxg3 Qe7 30. Rf1 Rbf8 31. Rdf3 Bd2 32. h4 Bh6 33. Kg2 Bd2 34. R1f2 Bc1
35. Bb3 Bh6 36. Nd5 Qd7 37. Rf6 Bc1 38. Nb6 Nf4+ 39. R6xf4 1-0

[Event "Reykjavik Open 2018"]
[Site "Reykjavik ISL"]
[Date "2018.03.07"]
[Round "2.8"]
[White "Thavandiran, Shiyam"]
[Black "Yilmaz, Mustafa"]
[Result "0-1"]
[WhiteTitle "IM"]
[BlackTitle "GM"]
[WhiteElo "2399"]
[BlackElo "2619"]
[WhiteFideId "2605058"]
[BlackFideId "6302718"]
[EventDate "2018.03.06"]

1. e4 c5 2. Nf3 e6 3. d4 cxd4 4. Nxd4 Nc6 5. Nb5 d6 6. c4 a6 7. N5c3 Nf6 8. Be2
Be7 9. O-O O-O 10. Bf4 b6 11. Nd2 Bb7 12. Re1 Rc8 13. Bf1 Re8 14. a3 Ne5 15. Rc1
Qc7 16. b4 Qb8 17. h3 Bd8 18. Bh2 Bc7 19. f4 Ng6 20. Nf3 Qa8 21. Bd3 Red8 22.
Nd2 d5 23. e5 dxc4 24. Bxg6 hxg6 25. exf6 Bxg2 26. Qe2 Bxh3 27. Qf3 Qxf3 28.
Nxf3 gxf6 29. Ne4 b5 30. Nxf6+ Kg7 31. Ne4 Rd3 32. Rc3 Rcd8 33. Re3 Rd1+ 34. Re1
Bf5 35. Nc5 Rxe1+ 36. Nxe1 Rd1 37. Bg3 Bd8 38. Nxa6 Bf6 39. Rf3 Bd4+ 40. Kh2 Be4 0-1

[Event "Reykjavik Open 2018"]
[Site "Reykjavik ISL"]
[Date "2018.03.07"]
[Round "2.9"]
[White "Kavutskiy, Konstantin"]
[Black "Can, Emre"]
[Result "1/2-1/2"]
[WhiteTitle "IM"]
[BlackTitle "GM"]
[WhiteElo "2383"]
[BlackElo "2603"]
[WhiteFideId "2026384"]
[BlackFideId "6302181"]
[EventDate "2018.03.06"]

1. d4 Nf6 2. c4 e6 3. Nf3 d5 4. Nc3 Bb4 5. cxd5 exd5 6. Bf4 Ne4 7. Rc1 Nc6 8. g3
Bf5 9. Bd2 O-O 10. Bg2 Re8 11. O-O Nxd2 12. Qxd2 Ne7 13. a3 Bxc3 14. Qxc3 c6 15.
Rfe1 Nc8 16. Ne5 Nd6 17. Qb3 Qb6 18. Qxb6 axb6 19. g4 Be6 20. h3 f6 21. Nd3 Bf7
22. e3 Nc4 23. Re2 h5 24. Bf3 hxg4 25. hxg4 g5 26. Nb4 Kg7 27. Kg2 Re7 28. Kg3
Nd6 29. Ree1 Rae8 30. Kg2 Bg6 31. Be2 Be4+ 32. Kg3 Rh8 33. Nxc6 bxc6 34. Rxc6
Nc4 35. f3 Bg6 36. Bxc4 dxc4 37. Rxc4 Bf7 38. Rc6 b5 39. e4 b4 40. Rec1 bxa3 41.
bxa3 Ra8 42. R1c3 Rea7 43. Rb6 Rxa3 44. Rcc6 Ra1 45. Rxf6 R8a2 46. Rf5 Rg1+ 1/2-1/2

[Event "Reykjavik Open 2018"]
[Site "Reykjavik ISL"]
[Date "2018.03.07"]
[Round "2.10"]
[White "Lenderman, Aleksandr"]
[Black "Norowitz, Yaacov"]
[Result "1-0"]
[WhiteTitle "GM"]
[BlackTitle "IM"]
[WhiteElo "2600"]
[BlackElo "2412"]
[WhiteFideId "2021285"]
[BlackFideId "2024799"]
[EventDate "2018.03.06"]

1. d4 Nf6 2. Nf3 e6 3. g3 b5 4. e3 c5 5. Bxb5 Qa5+ 6. Nc3 Ne4 7. Rb1 cxd4 8.
Nxd4 Bb4 9. O-O Bxc3 10. bxc3 O-O 11. Bd3 f5 12. f3 Nf6 13. Qe2 Nc6 14. Nxc6
dxc6 15. Bc4 Nd5 16. Rb3 Nb6 17. Bd3 e5 18. e4 Be6 19. Ra3 Qc5+ 20. Qf2 Qxf2+
21. Rxf2 fxe4 22. Bxe4 Bd5 23. Ra5 Rad8 24. Bd3 Rf7 25. Be2 Bc4 26. Kg2 Rd5 27.
Ra3 a5 28. Be3 Bxe2 29. Bxb6 Ba6 30. Ra4 Rb7 31. Bxa5 Ra7 32. c4 Bxc4 33. Rxc4
Raxa5 34. c3 Rdc5 35. Rxc5 Rxc5 36. a4 Rxc3 37. Ra2 Rb3 38. a5 Kf7 39. a6 Rb8
40. Kf2 Ke6 41. Ke3 Kd6 42. a7 Ra8 43. Ke4 Kc7 44. Kxe5 Kb6 45. Kd6 Rd8+ 46. Ke7
Ra8 47. Kd7 c5 48. Rb2+ Ka6 49. Kc7 1-0

[Event "Reykjavik Open 2018"]
[Site "Reykjavik ISL"]
[Date "2018.03.07"]
[Round "2.11"]
[White "Unuk, Laura"]
[Black "Lagarde, Maxime"]
[Result "0-1"]
[WhiteTitle "WIM"]
[BlackTitle "GM"]
[WhiteElo "2346"]
[BlackElo "2587"]
[WhiteFideId "14609215"]
[BlackFideId "662399"]
[EventDate "2018.03.06"]

1. Nf3 f5 2. d4 Nf6 3. g3 g6 4. Bg2 Bg7 5. O-O O-O 6. c4 d6 7. Nc3 Nc6 8. d5 Ne5
9. Nxe5 dxe5 10. e4 f4 11. gxf4 exf4 12. Bxf4 Nxe4 13. Ne2 Bf5 14. Nd4 e5 15.
Nxf5 gxf5 16. Bxe4 exf4 17. Bf3 Qh4 18. Re1 Bxb2 19. Rb1 Bc3 20. Re6 Rf7 21. Qd3
Bf6 22. Rxb7 Qh3 23. Qe2 Kh8 24. Re8+ Rxe8 25. Qxe8+ Kg7 26. Bg2 Qg4 27. h3 Qd1+
28. Bf1 Re7 29. Qb5 Kh6 30. Qb1 Rg7+ 31. Kh2 Qd2 32. Bg2 f3 0-1

[Event "Reykjavik Open 2018"]
[Site "Reykjavik ISL"]
[Date "2018.03.07"]
[Round "2.12"]
[White "Cummings, David H."]
[Black "Ramirez, Alejandro"]
[Result "1/2-1/2"]
[WhiteTitle "IM"]
[BlackTitle "GM"]
[WhiteElo "2322"]
[BlackElo "2568"]
[WhiteFideId "2603578"]
[BlackFideId "6500617"]
[EventDate "2018.03.06"]

1. c4 b6 2. Nc3 Bb7 3. e4 e6 4. Nf3 c5 5. d4 cxd4 6. Nxd4 Nc6 7. Be3 Qb8 8. Qd2
Nf6 9. f3 Bc5 10. O-O-O O-O 11. Nxc6 Bxc6 12. Bf4 Qb7 13. e5 Nh5 14. Be3 f6 15.
exf6 Nxf6 16. Bd3 a6 17. Bxc5 bxc5 18. Rhe1 Rab8 19. Ne4 Bxe4 20. Bxe4 d5 21.
cxd5 Rfd8 22. Qc2 exd5 23. Bf5 Qc7 24. g4 Kh8 25. Kb1 d4 26. Be6 Nd5 27. Bxd5
Rxd5 28. Re6 Rdd8 29. Qe2 Qf7 30. Re7 Qg6+ 31. Ka1 h6 32. Qe5 d3 33. h4 c4 34.
h5 Qg5 35. Qxg5 hxg5 36. Re4 Rbc8 37. Re5 Re8 38. Rxg5 Re2 39. Rd5 Rc2 40. b3 c3
41. R5xd3 Kh7 42. Kb1 Rb2+ 43. Ka1 Rc2 44. Kb1 Rb2+ 45. Ka1 1/2-1/2

[Event "Reykjavik Open 2018"]
[Site "Reykjavik ISL"]
[Date "2018.03.07"]
[Round "2.13"]
[White "Friedel, Joshua"]
[Black "Pigott, John C"]
[Result "1-0"]
[WhiteTitle "GM"]
[BlackTitle "IM"]
[WhiteElo "2562"]
[BlackElo "2403"]
[WhiteFideId "2017199"]
[BlackFideId "400459"]
[EventDate "2018.03.06"]

1. d4 Nf6 2. c4 g6 3. g3 Bg7 4. Bg2 d5 5. cxd5 Nxd5 6. Nf3 Nb6 7. Nc3 Nc6 8. e3
O-O 9. O-O Re8 10. a3 Be6 11. Nd2 a5 12. Nb3 Bc4 13. Re1 e5 14. d5 e4 15. Nd2
Bxc3 16. dxc6 Bxd2 17. Bxd2 bxc6 18. Rc1 Qd5 19. Bc3 Bb3 20. Qg4 Na4 21. Bf6 Re6
22. Qh4 c5 23. g4 Raa6 24. g5 h5 25. Qf4 Rad6 26. f3 exf3 27. Bxf3 Qd2 28. Rb1
c4 29. Bd4 Bc2 30. Rbc1 Rd7 31. Bg2 Rdd6 32. Rf1 Bf5 33. Rxc4 c5 34. Be5 Nb6 35.
Rxc5 Rd7 36. Bd4 Rd8 37. Rxf5 gxf5 38. Qxf5 Rf8 39. Be4 Rxe4 40. Qxe4 Nc8 41.
Qe5 1-0

[Event "Reykjavik Open 2018"]
[Site "Reykjavik ISL"]
[Date "2018.03.07"]
[Round "2.14"]
[White "Midoux, Sebastien"]
[Black "Vaibhav, Suri"]
[Result "0-1"]
[BlackTitle "GM"]
[WhiteElo "2319"]
[BlackElo "2544"]
[WhiteFideId "611140"]
[BlackFideId "5045185"]
[EventDate "2018.03.06"]

1. e4 e6 2. d4 d5 3. Nd2 c5 4. Ngf3 cxd4 5. Nxd4 Nc6 6. Bb5 Bd7 7. Nxc6 bxc6 8.
Bd3 Bd6 9. Qe2 Ne7 10. O-O Ng6 11. Nf3 Nf4 12. Bxf4 Bxf4 13. c4 O-O 14. cxd5
cxd5 15. exd5 exd5 16. Bc2 Qf6 17. Qd3 g6 18. Qd4 Qxd4 19. Nxd4 Rab8 20. Bb3 a5
21. Rfe1 Rfe8 22. Rxe8+ Bxe8 23. Re1 Kf8 24. g3 Bg5 25. Bxd5 Bf6 26. Nf3 Rxb2
27. Rd1 a4 28. Ne1 Bb5 29. Nd3 Rc2 30. Nb4 Rb2 31. Nd3 Re2 32. Nf4 Rc2 33. h4
Kg7 34. Ng2 Be2 35. Rb1 Bb2 36. Nf4 Ba6 37. Rd1 Ba3 38. Nd3 h5 39. Kg2 Kf6 40.
Ne1 Re2 41. Nf3 Bc5 42. Rd2 Rxd2 43. Nxd2 Ke7 44. f3 f6 45. g4 Bb4 46. Ne4 hxg4
47. fxg4 f5 48. gxf5 gxf5 49. Ng5 Kd6 50. Bf7 Ke5 51. Nf3+ Ke4 52. Be8 a3 53.
Bc6+ Ke3 54. Bd5 Bf8 55. h5 Bd3 56. Ng5 Be2 57. Nf3 f4 58. Bc6 Bc4 59. Ne1 Kd2
60. Nf3+ Kc3 0-1

[Event "Reykjavik Open 2018"]
[Site "Reykjavik ISL"]
[Date "2018.03.07"]
[Round "2.15"]
[White "Brunello, Sabino"]
[Black "Thorfinnsson, Bjorn"]
[Result "1/2-1/2"]
[WhiteTitle "GM"]
[BlackTitle "IM"]
[WhiteElo "2542"]
[BlackElo "2399"]
[WhiteFideId "813613"]
[BlackFideId "2300982"]
[EventDate "2018.03.06"]

1. c4 c5 2. g3 Nc6 3. Bg2 g6 4. Nc3 Bg7 5. a3 Nf6 6. Rb1 a5 7. d3 O-O 8. Bd2 d6
9. Nf3 Bd7 10. O-O Ne8 11. Ne1 Nc7 12. Nc2 Rb8 13. b4 axb4 14. axb4 cxb4 15.
Nxb4 Nxb4 16. Rxb4 b5 17. cxb5 Nxb5 18. Nxb5 Rxb5 19. Rxb5 Bxb5 20. Qb3 Bd7 21.
Rb1 Qc8 22. Rc1 Qb8 23. Qb7 Qxb7 24. Bxb7 Bg4 25. f3 Be6 26. Kf2 Rb8 27. Rc7
Bd4+ 28. Be3 Bxe3+ 29. Kxe3 Kf8 30. f4 Ke8 31. Bf3 Rc8 32. Ra7 h5 33. Ra8 1/2-1/2

[Event "Reykjavik Open 2018"]
[Site "Reykjavik ISL"]
[Date "2018.03.07"]
[Round "2.16"]
[White "Kantorik, Marian"]
[Black "Moradiabadi, Elshan"]
[Result "0-1"]
[WhiteTitle "IM"]
[BlackTitle "GM"]
[WhiteElo "2313"]
[BlackElo "2535"]
[WhiteFideId "14900513"]
[BlackFideId "12501255"]
[EventDate "2018.03.06"]

1. d4 g6 2. e4 Bg7 3. Nc3 d6 4. Be3 a6 5. a4 Nf6 6. f3 Nbd7 7. Qd2 b6 8. Bh6
Bxh6 9. Qxh6 e5 10. d5 Qe7 11. Bc4 Qf8 12. Qe3 h5 13. h4 Qh6 14. Qxh6 Rxh6 15.
Nge2 Ke7 16. Kd2 Bb7 17. Rag1 c6 18. dxc6 Bxc6 19. Kc1 Rhh8 20. b3 Rhb8 21. Nd5+
Bxd5 22. Bxd5 Nxd5 23. exd5 b5 24. axb5 axb5 25. Kb2 b4 26. Ra1 f5 27. Rxa8 Rxa8
28. c4 Nc5 29. Nc1 Kf6 30. g3 Ra3 31. Rh2 Ra7 32. Rh1 g5 33. hxg5+ Kxg5 34. Kc2
e4 35. fxe4 Nxe4 36. Rh3 Ra8 37. Nd3 Ra2+ 38. Kb1 Rg2 39. c5 dxc5 40. d6 Nxd6
41. Nxc5 Ne4 42. Ne6+ Kg4 43. Rh4+ Kxg3 44. Rxh5 f4 45. Re5 Re2 46. Kc1 f3 0-1

[Event "Reykjavik Open 2018"]
[Site "Reykjavik ISL"]
[Date "2018.03.07"]
[Round "2.17"]
[White "Nihal, Sarin"]
[Black "Abrahamyan, Tatev"]
[Result "1-0"]
[WhiteTitle "IM"]
[BlackTitle "WGM"]
[WhiteElo "2534"]
[BlackElo "2369"]
[WhiteFideId "25092340"]
[BlackFideId "13301918"]
[EventDate "2018.03.06"]

1. c4 c5 2. Nf3 Nc6 3. d4 cxd4 4. Nxd4 Nf6 5. Nc3 e6 6. g3 Qb6 7. Ndb5 Ne5 8.
Bg2 a6 9. Qa4 Rb8 10. Na3 Bc5 11. O-O O-O 12. Nc2 Qc7 13. Bf4 Nh5 14. Be3 f5 15.
Bxc5 Qxc5 16. Na3 b6 17. Rad1 Nf6 18. Qb3 Bb7 19. Bxb7 Rxb7 20. Qa4 Ra7 21. Nab5
Raa8 22. Nd6 Ne8 23. Nxe8 Rfxe8 24. Qb3 Qc6 25. Rd4 Ra7 26. Rfd1 Nf7 27. Qa4 Re7
28. Qxc6 dxc6 29. Na4 Rab7 30. c5 bxc5 31. Rc4 Rb4 32. Rdc1 Reb7 33. b3 Rxc4 34.
Rxc4 Rb5 35. Nxc5 Ne5 36. Rc2 Kf7 37. Nxa6 Rd5 38. Nb4 Rd1+ 39. Kg2 Ra1 40. Rc5
Kf6 41. f4 Ng4 42. h3 Ne3+ 43. Kf3 Nd5 44. Nxd5+ cxd5 45. a4 g5 46. a5 h5 47. b4
Ra3+ 48. Kf2 h4 49. fxg5+ Kxg5 50. gxh4+ Kxh4 51. Rc6 Ra4 52. Rb6 f4 53. a6 e5
54. b5 e4 55. Rd6 Ra2 56. b6 1-0

[Event "Reykjavik Open 2018"]
[Site "Reykjavik ISL"]
[Date "2018.03.07"]
[Round "2.18"]
[White "Abdusattorov, Nodirbek"]
[Black "Fenil, Shah"]
[Result "1/2-1/2"]
[WhiteTitle "IM"]
[BlackTitle "FM"]
[WhiteElo "2518"]
[BlackElo "2346"]
[WhiteFideId "14204118"]
[BlackFideId "5019850"]
[EventDate "2018.03.06"]

1. e4 c5 2. Nf3 e6 3. d4 cxd4 4. Nxd4 Nc6 5. Nc3 Qc7 6. g3 a6 7. Bg2 Nf6 8. O-O
h5 9. Nf3 Bc5 10. Bf4 d6 11. Qe2 Ng4 12. a4 Bd7 13. Nb1 Nd4 14. Nxd4 Bxd4 15. c3
Ba7 16. h3 Ne5 17. Nd2 Rc8 18. Be3 Bxe3 19. Qxe3 Qc5 20. Qxc5 Rxc5 21. f4 Nc4
22. Rf2 Rc7 23. e5 d5 24. Nf3 Ne3 25. Nd4 Nxg2 26. Kxg2 g6 27. a5 Ke7 28. Kf3
Rc5 29. Ke3 Rhc8 30. Ra3 Rc4 31. Rf1 Ra4 32. Rxa4 Bxa4 33. Ra1 Bd7 34. Ra3 Rc5
35. g4 hxg4 36. hxg4 Kf8 37. Kd3 Ke7 38. b3 Rc8 39. Ra1 Rh8 40. Nf3 Rh3 41. Ke2
d4 42. c4 d3+ 43. Kf2 Bc6 44. Nd2 f5 45. exf6+ Kxf6 46. Re1 g5 47. fxg5+ Kxg5
48. Rxe6 Rh2+ 49. Ke1 Rh1+ 50. Kf2 Rh2+ 51. Ke1 Rh1+ 52. Kf2 1/2-1/2

[Event "Reykjavik Open 2018"]
[Site "Reykjavik ISL"]
[Date "2018.03.07"]
[Round "2.19"]
[White "Perelshteyn, Eugene"]
[Black "Bewersdorff, Oliver"]
[Result "1-0"]
[WhiteTitle "GM"]
[BlackTitle "FM"]
[WhiteElo "2513"]
[BlackElo "2312"]
[WhiteFideId "2012529"]
[BlackFideId "4602897"]
[EventDate "2018.03.06"]

1. Nf3 Nf6 2. g3 g6 3. Bg2 Bg7 4. c4 c6 5. O-O O-O 6. d4 d5 7. Qb3 Qb6 8. Bd2
dxc4 9. Qxc4 Be6 10. Qc2 Bf5 11. Qb3 Na6 12. Qa3 Qd8 13. Nc3 Ne4 14. Bf4 Nc7 15.
Nh4 Nxc3 16. bxc3 Bg4 17. e4 Be2 18. Rfe1 Ba6 19. Nf3 Nb5 20. Qb3 Qa5 21. Rac1
Rad8 22. Nd2 Qa3 23. e5 Rc8 24. Ne4 b6 25. h4 Qxb3 26. axb3 Bb7 27. b4 h6 28.
Be3 Rcd8 29. Red1 f6 30. c4 Nc7 31. f4 fxe5 32. dxe5 Ne6 33. Ra1 Rxd1+ 34. Rxd1
Rd8 35. Ra1 Ra8 36. Nc3 g5 37. hxg5 hxg5 38. b5 Nd8 39. Ne4 gxf4 40. gxf4 c5 41.
Rd1 a6 42. bxa6 Bxa6 43. Nf6+ 1-0

[Event "Reykjavik Open 2018"]
[Site "Reykjavik ISL"]
[Date "2018.03.07"]
[Round "2.20"]
[White "L'Ami, Alina"]
[Black "Hamitevici, Vladimir"]
[Result "1-0"]
[WhiteTitle "IM"]
[BlackTitle "GM"]
[WhiteElo "2306"]
[BlackElo "2512"]
[WhiteFideId "1210246"]
[BlackFideId "13902393"]
[EventDate "2018.03.06"]

1. d4 Nf6 2. c4 c5 3. d5 g6 4. Nc3 Bg7 5. e4 O-O 6. Nf3 d6 7. h3 e6 8. Bd3 Re8
9. O-O Na6 10. Re1 Nc7 11. a4 Na6 12. Bg5 h6 13. Bf4 Nh5 14. Be3 Qf6 15. Bf1 e5
16. g3 Nb4 17. Nh2 Qe7 18. Rc1 Kh7 19. Kg2 Rf8 20. Be2 Nf6 21. Ng4 Nd7 22. Qd2
f5 23. exf5 gxf5 24. Nxh6 Qf6 25. Nxf5 Qxf5 26. Nb5 Nf6 27. g4 Qg6 28. Nxd6 Nxg4
29. hxg4 Qxd6 30. Rh1+ Kg8 31. Rh5 Rf6 32. Rch1 Rg6 33. f3 e4 34. Bf4 Qf8 35.
Kg3 Bf5 36. fxe4 Bxe4 37. Rf1 Re8 38. d6 Bd4 39. d7 Rd8 40. Bc7 Qxf1 41. Bxf1
Rxd7 42. Qf4 Bc2 43. Be5 1-0

[Event "Reykjavik Open 2018"]
[Site "Reykjavik ISL"]
[Date "2018.03.07"]
[Round "2.21"]
[White "Kveinys, Aloyzas"]
[Black "Risting, Eivind Olav"]
[Result "0-1"]
[WhiteTitle "GM"]
[BlackTitle "FM"]
[WhiteElo "2511"]
[BlackElo "2304"]
[WhiteFideId "12800040"]
[BlackFideId "1517333"]
[EventDate "2018.03.06"]

1. Nf3 Nf6 2. c4 c5 3. Nc3 Nc6 4. e3 e6 5. d4 cxd4 6. exd4 d5 7. Bd3 Be7 8. O-O
dxc4 9. Bxc4 O-O 10. Re1 b6 11. a3 Bb7 12. Ba2 Rc8 13. Qd3 Re8 14. Bg5 Nd5 15.
Bxd5 Bxg5 16. Be4 h6 17. d5 exd5 18. Bh7+ Kf8 19. Rxe8+ Qxe8 20. Re1 Qd8 21. Bf5
Ra8 22. h4 Bxh4 23. Nxh4 Qxh4 24. Bd7 Ne7 25. Qf3 Rd8 26. Be6 Qf6 27. Qg3 Ng6
28. Qc7 Qe7 29. Qg3 Bc8 0-1

[Event "Reykjavik Open 2018"]
[Site "Reykjavik ISL"]
[Date "2018.03.07"]
[Round "2.22"]
[White "Povah, Nigel E"]
[Black "Praggnanandhaa, R"]
[Result "0-1"]
[WhiteTitle "IM"]
[BlackTitle "IM"]
[WhiteElo "2284"]
[BlackElo "2507"]
[WhiteFideId "400467"]
[BlackFideId "25059530"]
[EventDate "2018.03.06"]

1. d4 Nf6 2. Nf3 b6 3. e3 Bb7 4. Bd3 g6 5. O-O Bg7 6. b3 O-O 7. Bb2 c5 8. c4
cxd4 9. Nxd4 d5 10. Nc3 dxc4 11. Bxc4 Nbd7 12. Qe2 a6 13. b4 Ne5 14. Bb3 Qd6 15.
f4 Ned7 16. Nc2 Qc7 17. Rac1 Rac8 18. Ne1 Qb8 19. Nd3 Qa8 20. Rfd1 e6 21. a3
Rfd8 22. Na4 Bc6 23. Ne5 Bb5 24. Rxc8 Rxc8 25. Qf3 Qxf3 26. gxf3 Nd5 27. Nxd7
Bxd7 28. Bxg7 Kxg7 29. Kf2 Bxa4 30. Bxa4 Nc3 0-1

[Event "Reykjavik Open 2018"]
[Site "Reykjavik ISL"]
[Date "2018.03.07"]
[Round "2.23"]
[White "Fernandez, Daniel Howard"]
[Black "Thorgeirsson, Jon Kristinn"]
[Result "1-0"]
[WhiteTitle "GM"]
[BlackTitle "FM"]
[WhiteElo "2505"]
[BlackElo "2298"]
[WhiteFideId "5801605"]
[BlackFideId "2307731"]
[EventDate "2018.03.06"]

1. e4 e5 2. f4 d5 3. exd5 e4 4. d3 Nf6 5. dxe4 Nxe4 6. Qf3 Qxd5 7. Bd3 Nf6 8.
Qxd5 Nxd5 9. a3 Bc5 10. Ne2 a5 11. Bd2 O-O 12. Nbc3 Nxc3 13. Bxc3 Re8 14. O-O-O
Bg4 15. Rhe1 Be3+ 16. Kb1 Nc6 17. h3 Bxe2 18. Rxe2 Bxf4 19. Rxe8+ Rxe8 20. Bb5
Rd8 21. Rxd8+ Nxd8 22. Bxa5 b6 23. Be1 Ne6 24. a4 f5 25. b4 Kf7 26. c3 Ke7 27.
Bf2 Kd6 28. a5 bxa5 29. bxa5 c6 30. Be2 Kc7 31. Kc2 Bd6 32. Bc4 Bc5 33. Bg3+ f4
34. Bh2 Nf8 35. Bxf4+ Bd6 36. Be3 Nd7 37. Bg8 Nf6 38. Be6 Nh5 39. a6 Nf4 40. a7
Kb7 41. Bf5 Nxg2 42. Bb6 Ne1+ 43. Kb3 Nf3 44. Bc8+ Ka8 45. Ka4 Bb8 46. axb8=Q+
Kxb8 47. Bg4 Nd2 48. Be3 Ne4 49. Bf3 Nxc3+ 50. Kb4 Nb5 51. Kc5 Nc7 52. Kxc6 Ne6
53. Kd7 Nf8+ 54. Ke8 Ng6 55. Be4 Nh4 56. Bg5 1-0

[Event "Reykjavik Open 2018"]
[Site "Reykjavik ISL"]
[Date "2018.03.07"]
[Round "2.25"]
[White "Bartholomew, John"]
[Black "Petersson, Baldur Teodor"]
[Result "1-0"]
[WhiteTitle "IM"]
[BlackTitle "CM"]
[WhiteElo "2477"]
[BlackElo "2073"]
[WhiteFideId "2019353"]
[BlackFideId "2309157"]
[EventDate "2018.03.06"]

1. d4 Nf6 2. Nf3 g6 3. Bg5 Ne4 4. Bh4 Bg7 5. e3 d5 6. Be2 c5 7. c3 Qb6 8. Qb3 c4
9. Qxb6 axb6 10. Nbd2 Nd6 11. O-O Nc6 12. b3 b5 13. a4 O-O 14. axb5 Rxa1 15.
Rxa1 Nxb5 16. Rc1 e5 17. bxc4 dxc4 18. Bxc4 exd4 19. cxd4 1-0

[Event "Reykjavik Open 2018"]
[Site "Reykjavik ISL"]
[Date "2018.03.07"]
[Round "2.26"]
[White "Adhiban, Baskaran"]
[Black "Ragnarsson, Dagur"]
[Result "1-0"]
[WhiteTitle "GM"]
[BlackTitle "FM"]
[WhiteElo "2650"]
[BlackElo "2236"]
[WhiteFideId "5018471"]
[BlackFideId "2304058"]
[EventDate "2018.03.06"]

1. e4 e6 2. d4 d5 3. Nd2 c5 4. exd5 Qxd5 5. Ngf3 cxd4 6. Bc4 Qd7 7. O-O Nc6 8.
Nb3 Nf6 9. Nbxd4 Nxd4 10. Nxd4 a6 11. Bg5 Bc5 12. c3 Bxd4 13. cxd4 b5 14. Bb3
Bb7 15. Re1 Nd5 16. Qh5 O-O 17. Rad1 f6 18. Bd2 Rac8 19. Re4 Nc7 20. Rh4 g6 21.
Qg4 Bd5 22. Bc2 f5 23. Qg3 Ne8 24. Bb1 Nf6 25. f3 Rc6 26. Bf4 Qf7 27. Rh3 Rfc8
28. Qg5 b4 29. Rh6 Nd7 30. h4 b3 31. a3 Qg7 32. h5 gxh5 33. Qxh5 Kh8 34. Kf2
Rc2+ 35. Bxc2 bxc2 36. Rh1 Qxd4+ 37. Be3 1-0

[Event "Reykjavik Open 2018"]
[Site "Reykjavik ISL"]
[Date "2018.03.07"]
[Round "2.27"]
[White "Landa, Konstantin"]
[Black "Soham, Das"]
[Result "1/2-1/2"]
[WhiteTitle "GM"]
[WhiteElo "2613"]
[BlackElo "2275"]
[WhiteFideId "4101685"]
[BlackFideId "35026763"]
[EventDate "2018.03.06"]

1. d4 f5 2. g3 Nf6 3. Bg2 g6 4. c3 Bg7 5. Nd2 d5 6. Nh3 O-O 7. Nf3 Ne4 8. Nf4 c5
9. dxc5 e6 10. h4 Qf6 11. O-O Na6 12. Be3 Naxc5 13. Bd4 Qe7 14. Bxg7 Qxg7 15.
Qd4 b6 16. Rfd1 Re8 17. Ne5 Ba6 18. Bf1 Rac8 19. e3 Bxf1 20. Kxf1 Nd7 21. Nxd7
Qxd7 22. Kg2 Qf7 23. Nd3 Rc4 24. Qe5 Rd8 25. Nf4 Re8 26. Rd4 Rc6 27. Nd3 Nf6 28.
Qf4 Nh5 29. Qe5 Nf6 30. Qf4 Nh5 1/2-1/2

[Event "Reykjavik Open 2018"]
[Site "Reykjavik ISL"]
[Date "2018.03.07"]
[Round "2.28"]
[White "Grigoriants, Sergey"]
[Black "Ingebretsen, Jens E"]
[Result "1-0"]
[WhiteTitle "GM"]
[WhiteElo "2568"]
[BlackElo "2132"]
[WhiteFideId "4130804"]
[BlackFideId "1522965"]
[EventDate "2018.03.06"]

1. Nf3 Nf6 2. c4 e6 3. g3 b6 4. Bg2 Bb7 5. O-O Be7 6. d4 O-O 7. Nc3 Ne4 8. Bd2
Nxd2 9. Qxd2 d6 10. d5 a5 11. dxe6 fxe6 12. Qe3 Rf6 13. Ng5 Bxg2 14. Kxg2 Qd7
15. Qe4 Qc6 16. Nd5 Bd8 17. Qxh7+ Kf8 18. Qh8# 1-0

[Event "Reykjavik Open 2018"]
[Site "Reykjavik ISL"]
[Date "2018.03.07"]
[Round "2.29"]
[White "Grant, David J"]
[Black "Hjartarson, Johann"]
[Result "0-1"]
[BlackTitle "GM"]
[WhiteElo "2068"]
[BlackElo "2513"]
[WhiteFideId "403717"]
[BlackFideId "2300044"]
[EventDate "2018.03.06"]

1. e4 e6 2. Nf3 d5 3. Nc3 Nf6 4. e5 Nfd7 5. d4 c5 6. dxc5 Nc6 7. Bf4 Bxc5 8. Bd3
a6 9. O-O b5 10. Re1 h6 11. a3 g5 12. Bg3 g4 13. Nh4 Qg5 14. Kh1 Rg8 15. Qe2 Bb7
16. f4 gxf3 17. Nxf3 Qh5 18. Nh4 Qxe2 19. Rxe2 Rc8 20. Rf1 Bd4 21. Nf3 Bxc3 22.
bxc3 Na5 23. Nd4 Nc4 24. Ra1 Nb2 25. Be1 Na4 26. Bd2 Nxc3 27. Re3 Ne4 28. Bb4
Nxe5 29. a4 bxa4 30. Rxa4 Nxd3 31. cxd3 Rc1+ 32. Re1 Nf2+ 33. Kg1 Rxe1+ 34. Bxe1
Nxd3 35. Bg3 Rg4 36. Kf1 e5 37. Ke2 Nc5 0-1